000 00697nam a2200289Ia 4500
005 20260324143203.0
008 008 260324s9999 xx 000 0 eng d
020 _a9780429476259
037 _aEBOOK
040 _aCRL
040 _beng
040 _cCRL
041 _2eng
041 _aeng
084 _qCRL
100 _aGianfranco Cecchin; Wendel A. Ray; Gerry Lane
_91212187
245 0 _aIrreverence
245 2 _bA Strategy for Therapists' Survival
260 _bTaylor and Francis
260 _c1992
365 _a
365 _b205
856 _uhttp://www.taylorfrancis.com/books/9780429476259
942 _cEBOOK
999 _c1819812
_d1819812